Statistiques concernant Les coéquipiers de Marco Verratti au PSG

Cliquez ici pour prendre le quiz!

Statistiques générales

  • Ce quiz a été pris 246 fois
  • Le résultat moyen est 58 sur 110

Statistiques - réponses

SaisonsNationalitéJoueurNombre de matchsPoste% Correct
2017-2023BrésilNeymar114A
99%
2017-2023FranceKylian Mbappé180A
98%
2013-2020UruguayEdinson Cavani206A
96%
2013-2023BrésilMarquinhos265D
96%
2012-2020BrésilThiago Silva224D
95%
2021-2023ArgentineLionel Messi56A
94%
2012-2016SuèdeZlatan Ibrahimović125A
94%
2015-2022ArgentineÁngel Di María190A
93%
2019-2022Costa RicaKeylor Navas64G
93%
2021-2023ItalieGianluigi Donnarumma54G
92%
2021-2023MarocAchraf Hakimi52D
90%
2012-2017FranceBlaise Matuidi174M
89%
2014-2023FrancePresnel Kimpembe155D
89%
2016-2022AllemagneJulian Draxler108A
87%
2012-2018ArgentineJavier Pastore140M
85%
2012-2018ItalieThiago Motta140M
85%
2012-2018BrésilLucas Moura153A
84%
2012-2013, 2016-2020FranceAlphonse Areola69G
81%
2020-2023PortugalDanilo Pereira67M/D
81%
2015-2018AllemagneKevin Trapp60G
81%
2012-2016ItalieSalvatore Sirigu113G
80%
2021-2023EspagneSergio Ramos40D
80%
2016-2020BelgiqueThomas Meunier86D
80%
2012-2019FranceAdrien Rabiot125M
78%
2012-2016ArgentineEzequiel Lavezzi103A
78%
2019-2022SénégalIdrissa Gueye58M
78%
2012-2017BrésilMaxwell136D
78%
2021-2023PortugalNuno Mendes48D
78%
2014-2017Côte d'IvoireSerge Aurier55D
76%
2022-2023PortugalVitinha33M
75%
2022-2023EspagneFabián Ruiz24M
74%
2018-2023ArgentineLeandro Paredes68M
74%
2014-2017BrésilDavid Luiz60D
72%
2018-2022AllemagneThilo Kehrer77D
72%
2022-2023EspagneCarlos Soler19M
71%
2020-2021MarocKays Ruiz-Atil2M
71%
2012-2016Pays-BasGregory van der Wiel89D
70%
2015-2021FranceLayvin Kurzawa89D
70%
2019-2022ArgentineMauro Icardi57A
70%
2018-2023EspagneJuan Bernat92D
68%
2017-2019BrésilDani Alves51D
66%
2018-2019ItalieGianluigi Buffon19G
66%
2019-2022SénégalAbdou Diallo43D
65%
2018-2020CamerounEric Maxim Choupo-Moting31A
63%
2022-2023FranceWarren Zaïre-Emery15M
63%
2019-2021, 2022-2023EspagnePablo Sarabia59A
62%
2020-2021ItalieAlessandro Florenzi25D
61%
2012-2014BrésilAlex57D
61%
2012-2013AngleterreDavid Beckham1M
60%
2021-2022Pays-BasGeorginio Wijnaldum18M
58%
2021-2022Pays-BasXavi Simons8A
58%
2020-2021ItalieMoise Kean19A
57%
2019-2022EspagneSergio Rico15G
57%
2016-2018ArgentineGiovani Lo Celso24M
55%
2019-2021Pays-BasMitchel Bakker23D
55%
2022-2023FranceAlexandre Letellier1G
54%
2016-2017PologneGrzegorz Krychowiak13M
54%
2019-2022EspagneAnder Herrera48M
51%
2016-2019FranceChristopher Nkunku25M
51%
2012-2014FranceChristophe Jallet39D
49%
2016-2017, 2020-2021EspagneJesé9A
47%
2018-2019Etats-UnisTimothy Weah1A
47%
2022-2023FranceNordi Mukiele18D
46%
2013-2014FranceKingsley Coman2A
45%
2013-2015FranceYohan Cabaye24M
45%
2017-2018EspagneYuri Berchiche20D
45%
2022-2023FranceHugo Ekitiké19A
44%
2012-2013FranceMamadou Sakho24D
44%
2018-2019FranceMoussa Diaby19A
43%
2016-2018PortugalGonçalo Guedes9A
42%
2019-2021PologneMarcin Bulka2G
41%
2012-2013BrésilNenê10M
41%
2022-2023PortugalRenato Sanches14M
40%
2018-2022FranceColin Dagba41D
39%
2012-2013FranceKévin Gameiro18A
38%
2016-2017FranceHatem Ben Arfa14M
37%
2012-2014FranceJérémy Ménez39A
37%
2012-2015FranceNicolas Douchez22G
36%
2012-2013FranceGuillaume Hoarau4A
34%
2012-2014FranceClément Chantôme26M
33%
2013-2015FranceLucas Digne33D
33%
2020-2021BrésilRafinha10M
32%
2015-2016FranceBenjamin Stambouli8M
31%
2014-2015FranceJean-Christophe Bahebeck13A
29%
2017-2019FranceLassana Diarra7M
29%
2021-2023EspagneIsmaël Gharbi4A
28%
2019-2020FranceTanguy Nianzou7D
26%
2012-2015FranceZoumana Camara22D
26%
2021-2022FranceEdouard Michut3M
25%
2020-2021, 2022-2023FranceTimothée Pembélé9D
25%
2015-2016FranceJean-Kévin Augustin11A
23%
2012-2013FranceSylvain Armand14D
23%
2021-2023FranceEl Chadaille Bitshiabu9D
21%
2012-2014FranceHervin Ongenda6M
19%
2012-2013FranceMathieu Bodmer4M
15%
2020-2021FranceArnaud Kalimuendo1A
14%
2012-2013MaliMohamed Sissoko3M
14%
2012-2013Côte d'IvoireSiaka Tiéné1D
14%
2019-2020FranceAdil Aouchiche1M
12%
2018-2019FranceStanley Nsoki7D
12%
2016-2017FranceJonathan Ikoné3A
11%
2018-2019FranceLoïc Mbe Soh1D
9%
2012-2013FranceRonan Le Crom1G
9%
2021-2022FranceJunior Dina Ebimbe4M
7%
2019-2020FranceArthur Zagré1D
5%
2018-2019FranceAntoine Bernede1M
3%
2020-2021FranceBandiougou Fadiga3M
3%
2018-2019Guyane FrançaiseKévin Rimane1D
3%
2021-2022FranceDjeidi Gassama1A
2%
2012-2013GuinéeAntoine Conte1D
1%

Distribution des résultats

Percentile par nombre de réponses

% des personnes avec chaque résultat

Votre développement - résultats

Vous n’avez pas pris ce quiz